Yüklüyor......

Manomi/

Detaylı Bibliyografya
Yazar: Madhavikkutty
Materyal Türü: Printed Book
Dil:English
Baskı/Yayın Bilgisi: Thrissur: Current Books, 1988.
Konular:
LEADER 00485 a2200145 4500
008 150103s9999 000 0 eng
082 |a 813  
100 |a Madhavikkutty 
245 |a Manomi/ 
260 |a Thrissur:  |b Current Books,  |c 1988. 
300 |a 88 p. 
650 |a Malayalam fiction 
942 |c BK 
999 |c 305202  |d 305202 
952 |0 0  |1 0  |2 ddc  |4 0  |6 M_813_000000000000000_MAD_MA  |7 0  |9 350074  |a DRA  |b DRA  |c ST1  |d 2011-10-25  |g 10.00  |i 5131  |l 2  |o M 813 MAD/MA  |p DRA5131  |r 2012-12-21  |s 2012-12-18  |w 2011-10-25  |y BK